Backyard Baseball 1997 - Statistics

General Stats
  • This quiz has been taken 73 times
  • The average score is 22 of 30
Answer Stats
Hint Answer % Correct
Secret Weapon Pablo Sanchez
98%
Wheelie Pete Wheeler
85%
K-Man Kenny Kawaguchi
83%
Sticks Amir Khan
81%
Axeman Achmed Khan
80%
Little Smokey Ashley Webber
78%
Little Smokey Sidney Webber
78%
Swan Vicki Kawaguchi
78%
MVP Jocinda Smith
74%
Sugar Pop Angela Delvecchio
72%
Funnybones Ernie Steele
72%
Flash Kiesha Phillips
72%
Big Toe Reese Worthington
72%
Fella Ricky Johnson
72%
The Boss Sally Dobbs
72%
Vec Tony Delvecchio
72%
Stretch Dante Robinson
70%
Jabberjaw Gretchen Hasselhoff
70%
Cootie Marky Dubois
70%
Nugget Mikey Thomas
70%
Bubbles Stephanie Morgan
70%
Paste Dmitri Petrovich
69%
Spud Ronny Dobbs
69%
Crazy Legs Billy Jean Blackwood
65%
Twinkle Toes Kimmy Eckman
65%
Lulu Luanne Lui
63%
Pinky Maria Luna
63%
Bonkers Jorge Garcia
59%
Mad Dog Lisa Crocket
57%
Flipper Annie Frazier
56%
No matching quizzes found
Score Distribution
Percent of People with Each Score
Percentile by Number Answered
Your Score History
You have not taken this quiz